000 01238nam a2200301 i 4500
003 EG-GICUC
005 20260121101248.0
008 251119s ua a|||f |||| 00| 0 ara d
040 _a EG-GICUC
_bara
_c EG-GICUC
_d EG-GICUC
_erda
041 _aara
082 0 4 _221
_a345
_bن ب . و
092 0 4 _221
099 _aLaw1 07 345 ن ب . و 1972
100 0 _aنبيلة عبد الحليم كامل
_eمؤلف.
245 _aالوظيفة العامة :
_bوفقا لأحكام القضاء الإداري المصري /
_cدكتور نبيلة عبد الحليم كامل
264 _aالقاهرة :
_bدار النهضة العربية ,
_c1972.
300 _a223 صفحة
_bإيضاحيات، صور، مثيليات ؛
_c24 سم
336 _2rda content
_atext
337 _2rda media
_aComputer
338 _2rda carrier
_aOnline Resource
500 _aيشتمل علي ارجاعات ببليوجرافية
546 _aالنص أغلبه باللغة العربية بعض النصوص الإنجليزية والفرنسية
650 1 _aالقانون الإداري
_2qrmak
651 1 _2qrmak
856 4 0 _uhttps://fll.law.cu.edu.eg/fulltext/bks/B07-00955.pdf
905 _a74
942 _2ddc
_n0
_cBK
_e21
999 _c44846
_d44846